Book by Setting Quiz - Statistics

General Stats
  • This quiz has been taken 435 times
  • The average score is 5 of 18
Answer Stats
Clue Answer % Correct
1930s, Oklahoma and California The Grapes of Wrath
73%
1790s, London and Paris A Tale of Two Cities
69%
2001, Afghanistan The Kite Runner
52%
1933-1935, Alabama To Kill a Mockingbird
52%
Mars, 2035 The Martian
42%
1860s, St. Petersburg (Russia) Crime and Punishment
40%
Early 1800s to mid 1900s, Colombia One Hundred Years of Solitude
24%
1970s, Colorado The Shining
22%
1976, Pacific Ocean Life of Pi
20%
1890s, southeastern Nigeria Things Fall Apart
18%
Late 1970s and early 1980s, Tehran* Persepolis
15%
1947 to 1977, Indian subcontinent Midnight's Children
13%
1985, New York City* Watchmen
8%
1930s, Harlem Invisible Man
7%
1960s, Democratic Republic of the Congo The Poisonwood Bible
4%
1984, Tokyo 1Q84
3%
1942 to 1943, New Hampshire A Separate Peace
1%
2024 to 2027, California Parable of the Sower
1%
No matching quizzes found
Score Distribution
Percent of People with Each Score
Percentile by Number Answered
Your Score History
You have not taken this quiz